000 00333nam a22001217a 4500
040 _cSY
082 _a614
100 _aVON MONIN; វន មុនិន
245 _aCommunity forestry management,ការគ្រប់គ្រងសហគមន៍ព្រៃឈើ
260 _aRUA
_bVON
_c2007
300 _a93p.
942 _cKB
999 _c9340
_d9340